Ottawa Senators Leaders - Statistics

General Stats
  • This quiz has been taken 113 times
    15 since last reset
  • The average score is 50 of 102
Answer Stats
Stat Number Answer % Correct
Most Goals 426 Daniel Alfredsson
91%
Most Assists 682 Daniel Alfredsson
91%
Most Points 1108 Daniel Alfredsson
91%
Most Games Played 1178 Daniel Alfredsson
91%
Most Game Winning Goals 69 Daniel Alfredsson
91%
Most Goals 213 Brady Tkachuk
82%
Most Assists 250 Brady Tkachuk
82%
Most Points 463 Brady Tkachuk
82%
Most Games Played 572 Brady Tkachuk
82%
Most Game Winning Goals 28 Brady Tkachuk
82%
Most Games Played (Goalie) 435 Craig Anderson
82%
Most Wins 202 Craig Anderson
82%
Most Shutouts 28 Craig Anderson
82%
Best Career Save Percentage .914 Craig Anderson
82%
Best Career Goals Against Average 2.84 Craig Anderson
82%
Most Goals 180 Dany Heatley
82%
Most Game Winning Goals 31 Dany Heatley
82%
Most Goals 218 Alexei Yashin
73%
Most Assists 273 Alexei Yashin
73%
Most Points 491 Alexei Yashin
73%
Most Game Winning Goals 31 Alexei Yashin
73%
Most Games Played (Goalie) 93 Linus Ullmark
73%
Most Wins 53 Linus Ullmark
73%
Most Shutouts 7 Linus Ullmark
73%
Best Career Save Percentage .900 Linus Ullmark
73%
Best Career Goals Against Average 2.72 Linus Ullmark
73%
Most Assists 392 Erik Karlsson
64%
Most Points 518 Erik Karlsson
64%
Most Games Played 627 Erik Karlsson
64%
Most Game Winning Goals 25 Erik Karlsson
64%
Most Goals 251 Jason Spezza
64%
Most Assists 436 Jason Spezza
64%
Most Points 687 Jason Spezza
64%
Most Games Played 686 Jason Spezza
64%
Most Game Winning Goals 36 Jason Spezza
64%
Most Goals 149 Tim Stützle
64%
Most Assists 260 Tim Stützle
64%
Most Points 409 Tim Stützle
64%
Most Games Played (Goalie) 142 Anton Forsberg
55%
Most Wins 62 Anton Forsberg
55%
Most Shutouts 8 Anton Forsberg
55%
Best Career Save Percentage .905 Anton Forsberg
55%
Best Career Goals Against Average 2.99 Anton Forsberg
55%
Most Games Played 1026 Chris Neil
55%
Most Assists 217 Chris Phillips
55%
Most Games Played 1179 Chris Phillips
55%
Most Goals 188 Marián Hossa
55%
Most Points 390 Marián Hossa
55%
Most Game Winning Goals 32 Marián Hossa
55%
Most Shutouts 5 Dominik Hašek
45%
Most Games Played (Goalie) 283 Patrick Lalime
45%
Most Wins 146 Patrick Lalime
45%
Most Shutouts 30 Patrick Lalime
45%
Best Career Save Percentage .908 Patrick Lalime
45%
Best Career Goals Against Average 2.32 Patrick Lalime
45%
Most Assists 257 Thomas Chabot
45%
Most Goals 149 Drake Batherson
36%
Most Points 364 Drake Batherson
36%
Most Games Played (Goalie) 134 Ray Emery
36%
Most Wins 71 Ray Emery
36%
Most Shutouts 8 Ray Emery
36%
Best Career Save Percentage .907 Ray Emery
36%
Best Career Goals Against Average 2.71 Ray Emery
36%
Most Games Played (Goalie) 86 Robin Lehner
36%
Most Wins 30 Robin Lehner
36%
Best Career Save Percentage .914 Robin Lehner
36%
Best Career Goals Against Average 2.88 Robin Lehner
36%
Most Assists 309 Wade Redden
36%
Most Points 410 Wade Redden
36%
Most Games Played 838 Wade Redden
36%
Most Games Played 612 Zack Smith
36%
Most Games Played (Goalie) 181 Damian Rhodes
27%
Most Wins 65 Damian Rhodes
27%
Most Shutouts 11 Damian Rhodes
27%
Best Career Save Percentage .902 Damian Rhodes
27%
Best Career Goals Against Average 2.56 Damian Rhodes
27%
Most Game Winning Goals 23 Kyle Turris
27%
Most Game Winning Goals 23 Martin Havlát
27%
Most Goals 167 Mike Fisher
27%
Most Games Played 675 Mike Fisher
27%
Most Game Winning Goals 31 Mike Fisher
27%
Most Goals 152 Radek Bonk
27%
Most Assists 247 Radek Bonk
27%
Most Points 399 Radek Bonk
27%
Most Games Played 689 Radek Bonk
27%
Most Game Winning Goals 25 Radek Bonk
27%
Most Games Played (Goalie) 166 Ron Tugnutt
27%
Most Wins 72 Ron Tugnutt
27%
Most Shutouts 13 Ron Tugnutt
27%
Best Career Save Percentage .906 Ron Tugnutt
27%
Best Career Goals Against Average 2.32 Ron Tugnutt
27%
Most Games Played (Goalie) 130 Brian Elliott
18%
Most Wins 59 Brian Elliott
18%
Most Shutouts 9 Brian Elliott
18%
Best Career Save Percentage .903 Brian Elliott
18%
Best Career Goals Against Average 2.81 Brian Elliott
18%
Most Games Played (Goalie) 100 Martin Gerber
18%
Most Wins 49 Martin Gerber
18%
Best Career Save Percentage .908 Martin Gerber
18%
Best Career Goals Against Average 2.76 Martin Gerber
18%
Most Shutouts 5 Mike Condon
9%
Most Shutouts 5 Jani Hurme
0%
No matching quizzes found
Score Distribution
Percent of People with Each Score
Percentile by Number Answered
Your Score History
You have not taken this quiz since the last reset